[Event "Cseppko op-B 10th"]
[Site "Aggtelek"]
[Date "2001.??.??"]
[Round "5"]
[White "Csoma, Csaba"]
[Black "Kalyinka, Roland"]
[Result "1/2-1/2"]
[WhiteElo "1800"]
[BlackElo "1870"]
[PlyCount "40"]
[EventDate "2001.07.16"]
[EventType "swiss"]
[EventRounds "9"]
[EventCountry "HUN"]
[SourceTitle "EXT 2006"]
[Source "ChessBase"]
[SourceDate "2005.11.24"]
[SourceVersion "1"]
[SourceVersionDate "2005.11.24"]
[SourceQuality "1"]

1. Nf3 d5 2. d4 Nf6 3. g3 Bf5 4. Bg2 e6 5. Nh4 Bg6 6. Nxg6 hxg6 7. Bg5 Nbd7 8. Nd2 c6 9. c3 Bd6 10. e4 dxe4 11. Nxe4 Be7 12. Nxf6+ Bxf6 13. Be3 0-0 14. 0-0 Nb6 15. Qc2 Bg5 16. Rfe1 Re8 17. b3 Bxe3 18. Rxe3 Rc8 19. Rd1 Nd5 20. Red3 Qa5 1/2-1/2

[Event "Miskolc Avas op-B"]
[Site "Miskolc"]
[Date "1999.07.02"]
[Round "6"]
[White "Zabiak, Norbert"]
[Black "Csoma, Csaba"]
[Result "1/2-1/2"]
[WhiteElo "2023"]
[BlackElo "1871"]
[PlyCount "26"]
[EventDate "1999.06.30"]
[EventType "swiss"]
[EventRounds "9"]
[EventCountry "HUN"]
[SourceTitle "EXT 2004"]
[Source "ChessBase"]
[SourceDate "2003.11.25"]
[SourceVersion "1"]
[SourceVersionDate "2003.11.25"]
[SourceQuality "1"]

1. e4 e6 2. Nf3 d5 3. exd5 exd5 4. d4 Nf6 5. h3 Bd6 6. Bd3 Nc6 7. Be3 h6 8. a3 a6 9. Nc3 Be6 10. Qd2 Qd7 11. 0-0-0 0-0-0 12. Kb1 Kb8 13. Rhe1 Rhe8 1/2-1/2

[Event "Miskolc Avas op-B"]
[Site "Miskolc"]
[Date "1999.06.30"]
[Round "4"]
[White "Ats, Laszlo Gyorgy"]
[Black "Csoma, Csaba"]
[Result "1-0"]
[WhiteElo "1966"]
[BlackElo "1871"]
[PlyCount "61"]
[EventDate "1999.06.30"]
[EventType "swiss"]
[EventRounds "9"]
[EventCountry "HUN"]
[SourceTitle "EXT 2004"]
[Source "ChessBase"]
[SourceDate "2003.11.25"]
[SourceVersion "1"]
[SourceVersionDate "2003.11.25"]
[SourceQuality "1"]

1. h4 Nf6 2. Nc3 d5 3. d4 e6 4. a3 Bd7 5. Bg5 h6 6. Bf4 Bd6 7. e3 Bxf4 8. exf4 Qe7 9. b4 a6 10. Nf3 Ne4 11. Qd3 Nxc3 12. Qxc3 Bb5 13. g4 Bxf1 14. Kxf1 c6 15. Re1 Nd7 16. f5 0-0-0 17. fxe6 fxe6 18. Kg2 Rde8 19. a4 Qd6 20. b5 axb5 21. axb5 Kd8 22. bxc6 bxc6 23. Ne5 Nxe5 24. Rxe5 Kd7 25. Rhe1 Re7 26. Qa5 Rf8 27. f3 Rf6 28. Rb1 Ke8 29. Qa8+ Kf7 30. Rb8 g6 31. Rf8+ 1-0